Music Quiz

Random Music or Song Quiz

Greatest Songs by Lyric II Quiz Stats

 Plays Quiz Updated May 31, 2016

Challenge
Share
Tweet
Embed
Score 0/25 Timer 06:00
1 Play Today
% Correct
Hotel California (The Eagles)
88.6%
Tutti Frutti (Little Richard)
85.9%
Dancing in the Streets (Martha and the Vandellas)
82.4%
Sympathy for the Devil (The Rolling Stones)
76.3%
All Along the Watchtower (Jimi Hendrix)
75.6%
(Sittin' on) The Dock of the Bay (Otis Redding)
69.8%
Help! (The Beatles)
69.5%
Light My Fire (The Doors)
67.3%
The Tracks of My Tears (Smokey Robinson and the Miracles)
66.1%
You've Lost That Lovin' Feelin' (The Righteous Brothers)
66%
Gimme Shelter (The Rolling Stones)
64.1%
River Deep - Mountain High (Ike & Tina Turner)
63%
Heartbreak Hotel (Elvis Presley)
60.1%
% Correct
A Day in the Life (The Beatles)
60%
I Walk the Line (Johnny Cash)
58.5%
Georgia on My Mind (Ray Charles)
58%
Heroes (David Bowie)
58%
Stairway to Heaven (Led Zeppelin)
57.2%
The Weight (The Band)
56.9%
Bridge Over Troubled Water (Simon And Garfunkel)
55.9%
That'll Be the Day - (Buddy Holly and the Crickets)
55.1%
One (U2)
52.7%
No Woman, No Cry (Bob Marley)
52.2%
Layla (Derek and the Dominos)
49.9%
Waterloo Sunset (The Kinks)
33.1%

You're not logged in!

Compare scores with friends on all Sporcle quizzes.
OR
Log In

You Might Also Like...

Show Comments

Extras

Top Quizzes Today


Score Distribution

Your Account Isn't Verified!

In order to create a playlist on Sporcle, you need to verify the email address you used during registration. Go to your Sporcle Settings to finish the process.

Report this User

Report this user for behavior that violates our Community Guidelines.

Details: